| 000 | 00948nam a22003017a 4500 | ||
|---|---|---|---|
| 001 | BR9702907 | ||
| 003 | BR-BrBNA | ||
| 005 | 20230928095444.0 | ||
| 007 | ta | ||
| 008 | 230509b bl.||||| |||| 00| 0 por d | ||
| 040 |
_aBR-BrBNA _bpor _cBiblioteca Nacional de Agricultura |
||
| 041 | _a(Por) | ||
| 072 | _aN20; E14; F06 | ||
| 090 | _ N20 BR9702907 | ||
| 110 | 1 |
_aCompanhia Energetica de Sao Paulo, Sao Paulo (Brasil) _92428 |
|
| 245 | 1 | _aAproveitamento hidroeletrico do rio Paranapanema; complexo Canoas - Projeto basico: irrigacao: borda direita dos reservatorios de Canoas I - Canoas II. Relatorio final. v. 2 | |
| 260 | 3 |
_aSao Paulo, SP (Brasil): _c1994. |
|
| 300 | _avp | ||
| 650 | _aEquipamento Agricola | ||
| 650 | _aBomba D'Agua | ||
| 650 | _aManutencao | ||
| 650 | _aIrrigacao | ||
| 650 | _aProjeto de Desenvolvimento | ||
| 650 | _aSao Paulo | ||
| 650 | _aParana | ||
| 909 |
_a202309 _bLucia _c55 _dLucia Elande |
||
| 942 | _cBK | ||
| 999 |
_c56673 _d56673 |
||